Premier League Top Scorers 2015/16 - Statistics

General Stats
  • This quiz has been taken 68 times
  • The average score is 14 of 20
Answer Stats
Number of Goals Nationality Answer % Correct
1st 25 England Harry Kane
98%
2nd 24 Argentina Sergio Aguero
98%
9th 13 Chile Alexis Sanchez
96%
2nd 24 England Jamie Vardy
96%
4th 18 Belgium Romelu Lukaku
95%
5th 17 Algeria Riyad Mahrez
93%
6th 16 France Olivier Giroud
85%
11th 12 Spain Diego Costa
80%
13th 11 Iceland Gylfi Sigurdsson
76%
13th 11 Senegal Sadio Mane
71%
13th 11 Italy Graziano Pelle
65%
13th 11 Austria Marko Arnautovic
62%
13th 11 France Anthony Martial
56%
19th 10 Brazil Roberto Firmino
55%
11th 12 Ghana Andre Ayew
49%
19th 10 England Dele Alli
45%
13th 11 Netherlands Georginio Wijnaldum
38%
7th 15 Nigeria Odion Ighalo
36%
7th 15 England Jermain Defoe
33%
9th 13 England Troy Deeney
31%
No matching quizzes found
Score Distribution
Percent of People with Each Score
Percentile by Number Answered
Your Score History
You have not taken this quiz